醜醜

資料類型: Book 圖書   書目號:28271

Leader xxxxxxxxxx
001 __ PCLIS00028271
005 __ 20011227143111.11
010 0_ |a957-560-707-4|b平裝|d新臺幣 170 元
020 __ |acw|b82005151
100 __ |a20011227d2001        0chib0109    e
101 0_ |achi
102 __ |acw
105 __ |aa   z   000yy
200 1_ |a醜醜|e|f周芬伶著|g
205 __ |a初版
210 __ |a臺北市|c九歌|d90年五印
215 0_ |a126面|c圖, 表|d21公分
225 1_ |a九歌兒童書房|v42
681 __ |a859.6|b
700 __ |a|b芬伶|4801 __ |acw|b本館|c20011227
詳細館藏(共 1 筆)
索 書 號登 錄 號冊次號館別 / 館藏地流通類型狀態加入預約清單電子資源
859.6 / 8675 1012556  圖書館 / 一樓普通區 可外借30天 在館   

| 條列資料




目錄查詢 分類查詢 個人資料 圖書薦購 新書查詢 閉館日 排行榜 更多電子資源 Hami書城 線上資料庫 登出

From : 216.73.216.116

  本日流通累計至 22:27:10 借閱 : 9 次 續借 : 0 次 歸還 : 10 次 預約 : 0 次 電子資源 : 0 次


內湖高中圖書館  PCLIS 版本  25.5.0.2